Equipes World tour cyclisme 2020 - Statistiques

Statistiques générales
  • Ce quiz a été pris 1 176 fois
  • Le résultat moyen est 14 sur 19
Statistiques - réponses
Pays de l'équipe Réponse % Correct
Kazakhstan Astana
94%
France Groupama-FDJ
94%
France AG2R La Mondiale
92%
Emirats Arabes Unis UAE Team Emirates
92%
Pays-Bas Team Jumbo-Visma
90%
Israel Israel Start-Up Nation
89%
Grande-Bretagne Team Ineos
89%
Bahrein Bahrein-McLaren
88%
Belgique Deceuninck-Quick Step
85%
France Cofidis
83%
Espagne Movistar
82%
Allemagne Bora-Hansgrohe
78%
Belgique Lotto-Soudal
67%
Etats-Unis EF Pro Cycling
66%
Etats-Unis Trek-Segafredo
57%
Pologne CCC Team
49%
Allemagne Team Sunweb
44%
Afrique du Sud NTT Pro Cycling
29%
Australie Michelton-Scott
28%
Aucun quiz correspondant
Distribution des résultats
% des personnes avec chaque résultat
Percentile par nombre de réponses
Votre historique - résultats
Vous n’avez pas pris ce quiz